| 000 | 00910nam a22002297a 4500 | ||
|---|---|---|---|
| 005 | 20240530110618.0 | ||
| 008 | 161206s2014 ua a f b 000 0 ara d | ||
| 017 |
_a2014/9358 _bمصر. دار الكتب |
||
| 040 |
_aEG-CaGPL _cEG-CaGPL |
||
| 082 | 0 | 4 |
_221 _a323.1 _bق/م م |
| 100 | _aمحمد رفعت الامام . | ||
| 245 | 1 | 0 |
_aمصر و الارمن : _bمسألة اضنة ابريل 1909 :الطريق الى الابادة الارمنية الكبرى 1915 / _cمحمد رفعت الامام . |
| 250 | _aط.1 | ||
| 260 |
_aالقاهرة : _c2014 . _bمطبعة دار الكتب و الوثائق القومية بالقاهرة ، |
||
| 504 | _aببليوجرافية : ص 224 - 239 | ||
| 650 | 0 | 7 |
_2qrmak _aالارمن . |
| 650 | 0 | 7 |
_aمسألة اضنة 1909 . _2qrmak |
| 650 | 0 | 7 |
_2qrmak _aالارمن _zمصر . |
| 651 | _2qrmak | ||
| 942 |
_2ddc _cBK |
||
| 999 |
_c62994 _d62994 |
||